000
00294nam a2200133Ia 4500
008
190216s9999||||xx |||||||||||||| ||und||
100
_a
Ramsey A S
245
0
_a
Dynamics Part 2
250
_a
4th Ed.
260
_b
English Uty Press
_c
1972
300
_a
344
650
_a
Physics
942
_c
BK
999
_c
32838
_d
32838